000 00442nam a2200133Ia 4500
005 20260326235444.0
008 260326s9999||||xx |||||||||||||| ||und||
100 _aGonzález Escobar, Luis Fernando
245 0 _aQuibdo :
_b Contexto Histórico Desarrollo Urbano y Patrimonio Arquitectónico /
_cLuis Fernando González Escobar
260 _bUniversidad Nacional de Colombia
300 _a361 p.
650 _aARQUITECTURA REGIONAL
942 _cBK
999 _c7509
_d7509